00486nam a2200169Ia 4500082001400000100002200014245003900036260003500075300001500110504001900125650002400144650003300168650002800201650002500229650002500254650003700279 a519 KEM-D aKempthorne, Osca; 0aDesign and analysis of experiments aNew DelhibWiley Easternc1967 axix, 631p. aIncludes index aExperimental design aFactorial experiment designs aMathematical statistics aAnalysis of variance aStatistical decision aMathematics - Study and teaching